书目信息 |
| 题名: |
波谱原理及解析
|
|
| 作者: | 常建华 , 董绮功 编著 | |
| 分册: | ||
| 出版信息: | 北京 科学出版社 2001.08 |
|
| 页数: | 412页 | |
| 开本: | 23cm | |
| 丛书名: | ||
| 单 册: | ||
| 中图分类: | O4-43 , Q4 | |
| 科图分类: | ||
| 主题词: | 波谱分析--bo pu fen xi--高等学校--教材 | |
| 电子资源: | ||
| ISBN: | 7-03-009536-7 | |
| 000 | 00770nam0 2200265 45 | |
| 001 | 012001001519 | |
| 005 | 20050913161550.02 | |
| 010 | @a7-03-009536-7@dCNY 35.00 | |
| 099 | @aCAL 012001399594 | |
| 100 | @a20020304d2001 em y0chiy0120 ea | |
| 101 | 0 | @achi |
| 102 | @aCN@b110000 | |
| 105 | @aak oz 000yy | |
| 200 | 1 | @a波谱原理及解析@Abo pu yuan li ji jie xi@f常建华, 董绮功编著 |
| 210 | @a北京@c科学出版社@d2001.08 | |
| 215 | @a412页@c图@d23cm | |
| 300 | @a西北大学“211”工程教学改革研究项目 | |
| 333 | @a高等院校选用教材 | |
| 606 | 0 | @a波谱分析@Abo pu fen xi@x高等学校@j教材 |
| 690 | @aO4-43@v4 | |
| 690 | @aQ4@v4 | |
| 701 | 0 | @a常建华@Achang jian hua@4编著 |
| 701 | 0 | @a董绮功@Adong qi gong@4编著 |
| 801 | 0 | @c20050913 |
| 905 | @a10447@dO4-43@eC280 | |
| 波谱原理及解析/常建华, 董绮功编著.-北京:科学出版社,2001.08 |
| 412页:图;23cm |
| 西北大学“211”工程教学改革研究项目.-使用对象:高等院校选用教材 |
| ISBN 7-03-009536-7:CNY 35.00 |
| ● |
| 相关链接 |
|
|
|
正题名:波谱原理及解析
索取号:O4-43/C280
 
预约/预借
| 序号 | 登录号 | 条形码 | 馆藏地/架位号 | 状态 | 备注 |
| 1 | 551735 | 205517350 | 自科二线504/504自科库 37排2列4层/ [索取号:O4-43/C280] | 在馆 | |
| 2 | 551736 | 205517369 | 自科库401/401自科库 27排3列4层/ [索取号:O4-43/C280] | 在馆 | |
| 3 | 551737 | 205517378 | 自科库401/401自科库 27排3列4层/ [索取号:O4-43/C280] | 在馆 | |
| 4 | 551738 | 205517387 | 自科二线504/504自科库 37排2列4层/ [索取号:O4-43/C280] | 在馆 |